বাংলাদেশ জলে যার প্রতিবিম্ব / (Record no. 3146)
[ view plain ]
| 000 -LEADER | |
|---|---|
| fixed length control field | 02772nam a2200241 a 4500 |
| 001 - CONTROL NUMBER | |
| JCCL Control Number | 3146 |
| 003 - CONTROL NUMBER IDENTIFIER | |
| JCCL marc code | BD-JhCC |
| 005 - DATE AND TIME OF LATEST TRANSACTION | |
| control field | 20180422131555.0 |
| 008 - FIXED-LENGTH DATA ELEMENTS--GENERAL INFORMATION | |
| fixed length control field | 171111s1993 bg ||||| |||| 00| 0 ben d |
| 020 ## - INTERNATIONAL STANDARD BOOK NUMBER | |
| International Standard Book Number | 9847022010065 |
| 035 ## - SYSTEM CONTROL NUMBER | |
| system control number | (BD-JhCC)3146 |
| 040 ## - CATALOGING SOURCE | |
| Original cataloging agency | BD-JhCC |
| Modifying agency | BD-JhCC |
| 041 ## - LANGUAGE CODE | |
| Language code of Book | ben |
| 082 ## - DEWEY DECIMAL CLASSIFICATION NUMBER | |
| Classification number | 954.92 |
| Author mark and Year | NOV 1993 |
| 100 ## - MAIN ENTRY--PERSONAL NAME | |
| Personal name | নোভাক, জেমস জে |
| 245 ## - TITLE STATEMENT | |
| Title | বাংলাদেশ জলে যার প্রতিবিম্ব / |
| Statement of responsibility, etc | জেমস জে নোভাক |
| 260 ## - PUBLICATION, DISTRIBUTION, ETC. (IMPRINT) | |
| Place of publication, distribution, etc | ঢাকা : |
| Name of publisher, distributor, etc | দি ইউনিভার্সিটি প্রেস লিমিটেড, |
| Date of publication, distribution, etc | 1993. |
| 300 ## - PHYSICAL DESCRIPTION | |
| Pagination | 299 p. : |
| Dimensions | 21 cm. |
| 520 ## - SUMMARY, ETC. | |
| Summary, etc | এই বইটি বাংলাদেশ এবং এর মানুষ সম্পর্কে একটি ব্যক্তিগত এবং অন্তর-অনুসন্ধানী বিবরণী। এই বইয়ে জেমস জে. নোভাক দেশটির অর্থনীতি, জনগণের জীবনধারায় ও মনস্তত্ত্বে ঋতু বৈচিত্র্যের গুরুত্ব, ইতিহাস, ভৌগলিক বৈশিষ্ট্য, সঙ্গীত, শিল্পকলা, কাব্য, চিন্তাধারা এবং রাজনৈতিক জীবন সম্পর্কে তাঁর উপলব্ধি বিবৃত করেছেন। বাংলাদেশের স্বাধীনতা সংগ্রাম সম্পর্কে একটি অপূর্ব বিশ্লেষণও তিনি উপস্থাপন করেছেন। দেশটির আধুনিক ইতিহাসে জাতীয়তাবাদের উন্মেষ ও বিকাশ সম্পর্কে এখন পর্যন্ত এটিই বোধ করি একমাত্র পূর্ণাঙ্গ বিশ্লেষণ। কবিতা, গদ্য এবং গানে বিধৃত এই জাতীয়তাবাদ। একে যেমন ব্যবহার করা হয়েছে ধর্ম, সাংস্কৃতিক অভিব্যক্তি, কবিতা এবং শিল্পকলার মধ্যকার ক্রিয়া-প্রতিক্রিয়াকে চিত্রায়িত করার জন্যে, তেমনি ব্যবহার করা হয়েছে সংস্কৃতির রাজনৈতিক চিন্তার রূপান্তরকে মূর্ত করে তোলার জন্যে। |
| 650 ## - SUBJECT ADDED ENTRY--TOPICAL TERM | |
| Topical term or geographic name as entry element | Bangladesh |
| 942 ## - ADDED ENTRY ELEMENTS (KOHA) | |
| Source of classification or shelving scheme | Dewey Decimal Classification |
| Koha item type | Books |
| Source of classification or shelving scheme | Damaged status | Not for loan | Home library | Current library | Shelving location | Date of accession | Cost, normal purchase price | Total Checkouts | Full call number | Barcode | Date last seen | Copy number | Koha item type |
|---|---|---|---|---|---|---|---|---|---|---|---|---|---|
| Dewey Decimal Classification | JCC Rouf Library | JCC Rouf Library | General Stacks | 11/11/2017 | 350.00 | 954.92 NOV 1993 | 3789 | 11/11/2017 | C-1 | Books | |||
| Dewey Decimal Classification | JCC Rouf Library | JCC Rouf Library | General Stacks | 11/11/2017 | 350.00 | 954.92 NOV 1993 | 3792 | 11/11/2017 | C-2 | Books |